Statystyki dla Największe wyspy Japonii z mapą

Kliknij tutaj aby rozwiązać quiz!

Ogólne statystyki

  • Ten quiz został rozwiązany 90 razy
  • Średni wynik to 4 z 10

Odpowiedzi na mapie

Odpowiedzi skodowane kolorowo w zielono-czerwonej skali na mapie do tego quizu, zgodnie z poniższymi procentami.
 

Statystyki odpowiedzi

L.p.WyspaPowierzchnia km2Ludność% Poprawnych
2Hokkaido83 4235 348 102
94%
1Honsiu225 800104 000 000
88%
3Kiusiu36 78212 970 479
73%
4Sikoku18 2973 796 687
56%
5Okinawa1 2061 301 462
48%
8Cuszima (Tsushima)70939 716
15%
6Sado (Sado-shima)85455 474
8%
9Awaji592157 000
6%
10Shimoshima57487 191
6%
7Amami Ōshima71273 000
4%

Rozkład punktacji

Percentyl według liczby udzielonych odpowiedzi

Procent ludzi z każdym wynikiem

Twoja historia wyników

Nie rozwiązałeś tego quizu